000 00489nam a2200181Ia 4500
005 20250508153411.0
008 008 250505s9999 xx 000 0 eng d
037 _aBooks to be hide in OPAC
040 _aFEDL
_beng
_cFEDL
041 _aeng
_2eng
084 _a315.54, IND
_qFEDL
245 0 _aStatistical abstract of British India 1936-37 to 1940-41
245 0 _cIndia
260 _c1948
300 _a543p.
942 _cHB
_h315.54, IND
999 _c1342586
_d1342586